000 00513nam a2200181Ia 4500
005 20250508170312.0
008 008 250505s9999 xx 000 0 eng d
037 _aTextual
040 _aFEDL
_beng
_cFEDL
041 _aeng
_2eng
084 _a407, KRI
_qFEDL
100 _aKrishna Kumar
245 0 _aChild's language and the teacher: A handbook
260 _aNew Delhi, India
_bUnited Nations Children's Fund
_c1986
300 _a49p
942 _cTEXL
_h407, KRI
999 _c1400270
_d1400270